000 00923nam a22002777a 4500
003 CHAP
005 20220329135037.0
008 971013s1964 r 00010 d
010 _a30046
011 _a31018
035 _a35130
040 _cCHAP
082 _a330.956
_bN3
100 0 0 _aNaciones Unidas. Departamento de Asuntos Económicos y Sociales.
_980015
245 _aEconomic development in the Middle East, 1961-1963. Supplement to World Economic Survey, 1963
260 _aNew York :
_bNaciones Unidas,
_c1964
300 _a147 p.
590 _aBATCH-UPD
_b10
_c20130110
_lUCH01
_h2305
590 _aBATCH-UPD
_b10
_c20130410
_lUCH01
_h1557
590 _aBATCH-UPD
_b10
_c20130914
_lUCH01
_h2047
590 _aCONVERSION
_b10
_c20130109
_lUCH01
_h1317
650 1 4 _aCercano Oriente
_xCondiciones económicas.
_921343
901 _aBK
942 _cLIBRO
949 _a330.956 N3
_bBC
_cLIBRO
_d-81215
_eLIBRO
_i35130
_si
999 _c30046
_d30046